| 000 | 00949cam a2200289 a 4500 | ||
|---|---|---|---|
| 001 | 615522 | ||
| 003 | OSt | ||
| 005 | 20150116140703.0 | ||
| 008 | 920615s1993 paua b 001 0 eng c | ||
| 010 | _a 92022928 | ||
| 020 | _a0721666973 | ||
| 040 |
_aDNLM/DLC _cDLC _dDLC |
||
| 082 | 0 | 0 |
_aWB 100 C322t 1997 _220 |
| 245 | 0 | 0 |
_aCecil essentials of medicine / _cThomas E. Andreoli ... [et al.]. |
| 250 | _a4rd ed. | ||
| 260 |
_aPhiladelphia : _bSaunders, _cc1997. |
||
| 300 |
_axxiii, 999 p. : _bcol.ill. ; _c30 cm. |
||
| 504 | _aIncludes bibliographical references and index. | ||
| 650 | 0 |
_aInternal medicine. _9849 |
|
| 650 | 2 |
_aMedicine. _9324 |
|
| 700 | 1 |
_aCecil, Russell L. _q(Russell La Fayette), _d1881-1965. _92454 |
|
| 700 | 1 |
_aAndreoli, Thomas E., _d1935- _92455 |
|
| 730 | 0 |
_aCecil textbook of medicine. _92456 |
|
| 906 |
_a7 _bcbc _corignew _d1 _eocip _f19 _gy-gencatlg |
||
| 942 |
_2z _cSLOAN |
||
| 999 |
_c914 _d914 |
||